| 000 | 01004nam0a22002531 4500 | ||
|---|---|---|---|
| 001 | rc\3032483 | ||
| 005 | 20250806201659.0 | ||
| 035 | _a(NLR Aleph) 007173346 | ||
| 090 |
_a13643 _c13643 |
||
| 100 | _a20111003d1941 u y0rusy50 ca | ||
| 101 | 0 | _arus | |
| 102 | _aRU | ||
| 105 | _ay z ||||| | ||
| 200 | 1 |
_aИнструкция по технике безопасности на производстве теплоизоляционных работ _fНаркомнефть СССР. Главнефтестрой трест "Нефтезаводстрой" |
|
| 210 |
_aМосква _cЦентр. теплоизоляционная контора "Союзизоляция" _d1941 |
||
| 215 |
_a12 с. _d22 см |
||
| 710 | 0 | 2 |
_a"Союзизоляция", контора _cМосква |
| 801 | 0 |
_aRU _bNLR _gpsbo |
|
| 801 | 1 |
_aRU _bELAR _2rusmarc |
|
| 852 |
_aNLR _jТ14 Г-6/6 |
||
| 942 | _cBOOK | ||
| 945 | _aРоссийская национальная библиотека | ||
| 980 | _aNB | ||
| 980 | _aBV | ||